000 00641nam a2200181Ia 4500
008 240925s9999 xx 000 0 und d
020 _a130140145041
082 _a004.165 BRE
100 _aBrey ,Barry B.
245 4 _aThe Intel Microprocessors: 8086/8088,80186/80188,80286,80386,80486,pentium,pentium pro processorpentium II,pentium III, pentium 4 architecture programming and interfacing
250 _a7th
260 _aSingapore:
_bCENGAGE Learning
_c,2005.
300 _axxvi,686p.
_bNA
_fOriginal
500 _aIncludes Index
600 _aComputer Science
650 _aComputer science, information & general works
942 _cBK
999 _c6577
_d6577